00236nam a2200073Ia 4500008004100000245002400041260006000065500003700125231221s9999 xx 000 0 und d 0aMichigan law review c1948bUniversity of Michigan Law School (United States) aGratis from NLSIU. Acc. No 8819